LIBRARY & INFORMATION CENTRE, KCAET, TAVANUR

ONLINE PUBLIC ACCESS CATALOGUE (OPAC)

Ultimate guide to SSC combined graduate level: tier I, tier II, exams (Record no. 15693)

MARC details
000 -LEADER
fixed length control field 00359nam a22001337a 4500
003 - CONTROL NUMBER IDENTIFIER
control field OSt
008 - FIXED-LENGTH DATA ELEMENTS--GENERAL INFORMATION
fixed length control field 190528b ||||| |||| 00| 0 eng d
020 ## - INTERNATIONAL STANDARD BOOK NUMBER
ISBN 9789387421202
082 ## - DEWEY DECIMAL CLASSIFICATION NUMBER
Classification number 001.076
245 ## - TITLE STATEMENT
Title Ultimate guide to SSC combined graduate level: tier I, tier II, exams
260 ## - PUBLICATION, DISTRIBUTION, ETC. (IMPRINT)
Place of publication New Delhi:
Name of publisher Disha Publications,
300 ## - PHYSICAL DESCRIPTION
Number of Pages D- 148 p.
942 ## - ADDED ENTRY ELEMENTS (KOHA)
Koha item type Books
Holdings
Withdrawn status Lost status Damaged status Collection code Home library Current library Shelving location Date acquired Cost, normal purchase price Full call number Accession Number Koha item type
      Non-fiction KAUAET KAUAET General Stacks 28/05/2019 650.00 001.076 25977 Books
free website counter